00455nam a2200193Ia 4500008004100000020001800041050001400059100002100073245002500094245002400119260001500143260001600158260000900174300001400183300002700197300001000224440001900234500000800253170918s9999 xx 000 0 und d a9780545215862 bB852 2010 aBridwell, Norman aClifford's manners / cby Norman Bridwell. aNew York : bScholastic, c2010 aunpaged : bcolored illustration ; c20cm. vBe big! Share. a300